Statistics for What US Metro Areas have the most Land?

Click here to take the quiz!

General Stats

  • This quiz has been taken 49 times
    (45 since last reset)
  • The average score is 11 of 15

Answer Stats

Size (Square Miles) Metropolitan Area % Correct
10,062Houston
100%
9,286Dallas-Fort Worth
100%
11,842New York City
98%
7,256Chicago
95%
8,376Atlanta
93%
8,414Denver
88%
16,573Phoenix
81%
7,387San Antonio
74%
8,091Las Vegas
65%
7,952Kansas City
60%
8,458St Louis
53%
6,868Nashville
51%
9,977Salt Lake City
49%
8,274Sacramento
42%
27,298Riverside-San Bernadino
33%

Score Distribution

Percentile by Number Answered

Percent of People with Each Score

Your Score History

You have not taken this quiz since the last reset